Đang tải...
Game theory with economic applications
| Những tác giả chính: | , |
|---|---|
| Định dạng: | Printed Book |
| Được phát hành: |
Delhi
Pearson education
2003
|
| Phiên bản: | 2nd. |
| Những chủ đề: |
| LEADER | 00556nam a22001697a 4500 | ||
|---|---|---|---|
| 020 | |a 9788129701022 | ||
| 082 | |a 330.015 193 |b BIE/G | ||
| 100 | |a Bierman, Scott.H | ||
| 100 | |a Fernandez, Luis | ||
| 245 | |a Game theory with economic applications | ||
| 250 | |a 2nd. | ||
| 260 | |a Delhi |b Pearson education |c 2003 | ||
| 300 | |a 452p. | ||
| 650 | |a Game theory (Economics) | ||
| 942 | |c BK | ||
| 999 | |c 41150 |d 41150 | ||
| 952 | |0 0 |1 0 |4 0 |6 330_015000000000000_193_BIEG |7 0 |8 Stack |9 44368 |a KUCL |b KUCL |c Stack |d 2016-08-03 |g 250.00 |l 0 |o 330.015 193 BIE/G |p 42369 |r 2016-08-03 |w 2016-08-03 |y BK | ||